Statistics for Mercury Act 1 - Imagine Dragons lyric quiz

Click here to take the quiz!

General Stats

  • This quiz has been taken 93 times
  • The average score is 10 of 13

Answer Stats

HintAnswer% Correct
Heart attacks every nightFollow You
94%
These days when I'm on the brink of the edgeWrecked
87%
Only one of us gon make it out alive and it's not youCutthroat
81%
When am I gonna learn I've got to let things go#1
80%
I'm so proud of youGiants
77%
It's just fine to be out of your mindIt's Ok
77%
A slow burn fire from the insideDull Knives
73%
Sometimes I smile to keep things easyLonely
73%
So spend your hours on what you think I've done wrongNo Time For Toxic People
73%
Sometimes I drive a little too fastEasy Come Easy Go
71%
I'll never get enough of youMonday
69%
And I think of you, all we've made it throughMy Life
69%
Promise you that you'll be better off without themOne Day
64%

Score Distribution

Percentile by Number Answered

Percent of People with Each Score

Your Score History

You have not taken this quiz